00959nas a2200241Ia 4500001001100000003000900011008004100020040001300061040001300074041001300087100003800100210001000138222001000148245007500158250001100233260003100244501008600275300001100361310001200372362003400384500026200418650003700680R308/46445IT-RoPAU151124c99999999xx |||||||||||| ||und|| aIT-RoPAU cIT-RoPAU aITALIANO aAA.VV. gCodice Aut. SPICS: 12000 aLINUS aLinus aLINUS, ANNO 15-N.01 (GENNAIO 1979)bLinus, Anno 15-N.01 (Gennaio 1979) a1a ed. aMILANObMILANO LIBRIc1979 bPaulus - SPICS - Società San Paolo EM (non-commercial uses only)cCopyright2015 a138 p. aMENSILE aANNO 015, N.01 (GENNAIO 1979) aIl Mistero dell'Atala di D. Panebarco. Noi che Amiamo i Bambini di M. Bernardi. Una Dedica per L'Anno del Bambino di Chumi-Chumez. Peanuts di C. Schulz. i Costumi degli Incas di Copi. Terrore Sulla Città di C. Bretcher. Un Ingrato di C. Bretcher. Le Orec aFUMETTOvPUBBLICAZIONE PERIODICA